Návrh a tvorba publikačného systému diplomová práca

Salvato in:
Dettagli Bibliografici
Autore principale: Melko, Pavol
Ente Autore: Fakulta hospodárskej informatiky EU. Katedra aplikovanej informatiky
Altri autori: Schmidt, Peter, 1968-
Natura: Libro
Lingua:slovacco
Pubblicazione: Bratislava 2023
Tags: Aggiungi Tag
Nessun Tag, puoi essere il primo ad aggiungerne!!

MARC

LEADER 00000nbm a2200000 4500
001 0294181
005 20240202091603.7
041 0 |a slo 
044 |a SK 
245 1 0 |a Návrh a tvorba publikačného systému  |b diplomová práca  |c Pavol Melko ; školiteľ: Peter Schmidt 
264 1 |a Bratislava  |c 2023 
300 |a 77 s. 
100 1 |a Melko, Pavol 
700 1 |a Schmidt, Peter, 1968- 
710 2 |a Fakulta hospodárskej informatiky EU. Katedra aplikovanej informatiky